Karl Jay Shapiro papers in the Charles E. Feinberg collection, (Record no. 43598)

MARC details
000 -LEADER
fixed length control field 01476cpcaa2200325 i 4500
001 - CONTROL NUMBER
control field mm 82040790
003 - CONTROL NUMBER IDENTIFIER
control field DLC
005 - DATE AND TIME OF LATEST TRANSACTION
control field 20260227111714.0
008 - FIXED-LENGTH DATA ELEMENTS--GENERAL INFORMATION
fixed length control field 821109|||||||||||| eng
010 ## - LIBRARY OF CONGRESS CONTROL NUMBER
LC control number mm 82040790
040 ## - CATALOGING SOURCE
Original cataloging agency DLC
Transcribing agency DLC
Modifying agency DLC
Language of cataloging eng
Description conventions dacs
041 ## - LANGUAGE CODE
Language code of text/sound track or separate title eng
-- rus
072 #7 - SUBJECT CATEGORY CODE
Subject category code L
Source lcmd
100 1# - MAIN ENTRY--PERSONAL NAME
Personal name Feinberg, Charles E.,
Dates associated with a name 1899-1988,
Relator term collector.
245 00 - TITLE STATEMENT
Title Karl Jay Shapiro papers in the Charles E. Feinberg collection,
Inclusive dates 1930-1963.
300 ## - PHYSICAL DESCRIPTION
Extent 170
Type of unit items.
300 ## - PHYSICAL DESCRIPTION
Extent 13
Type of unit containers.
300 ## - PHYSICAL DESCRIPTION
Extent 6
Type of unit linear feet.
351 ## - ORGANIZATION AND ARRANGEMENT OF MATERIALS
Organization Arranged in 4 series. Series 1: Writings File, 1930s-1960s; Series 2: Miscellany, 1959; Series 3: Printed matter, 1940-1963; and Series 4: Addition, 1960-1963.
506 0# - RESTRICTIONS ON ACCESS NOTE
Terms governing access Open to research.
520 8# - SUMMARY, ETC.
Summary, etc. Correspondence, writings, notebooks, printed matter, photographs, and other papers pertaining chiefly to Shapiro's poetry.
545 0# - BIOGRAPHICAL OR HISTORICAL DATA
Biographical or historical data Collector.
546 ## - LANGUAGE NOTE
Language note Collection material in English, with Russian.
555 8# - CUMULATIVE INDEX/FINDING AIDS NOTE
Cumulative index/finding aids note Finding aid available in the Library of Congress Manuscript Reading Room.
650 #0 - SUBJECT ADDED ENTRY--TOPICAL TERM
Topical term or geographic name entry element American poetry.
656 #7 - INDEX TERM--OCCUPATION
Occupation Collectors.
Source of term itoamc
700 1# - ADDED ENTRY--PERSONAL NAME
Personal name Shapiro, Karl Jay,
Dates associated with a name 1913-2000.
Title of a work Karl Jay Shapiro papers in the Charles E. Feinberg collection.
Date of a work 1930-1963.

No items available.

Powered by Koha